Countries with Lungless Salamanders - Statistics

General Stats
  • This quiz has been taken 26 times
    20 since last reset
  • The average score is 16 of 19
Answer Stats
Answer % Correct
Mexico
100%
Bolivia
93%
Brazil
93%
Canada
93%
Peru
93%
United States
93%
Costa Rica
87%
Ecuador
87%
France
87%
Italy
87%
Panama
87%
Venezuela
87%
Belize
80%
El Salvador
80%
Honduras
80%
Nicaragua
80%
Colombia
73%
Guatemala
73%
South Korea
27%
No matching quizzes found
Score Distribution
Percent of People with Each Score
Percentile by Number Answered
Your Score History
You have not taken this quiz since the last reset